| 000 | 00735nam a2200217 a 4500 | ||
|---|---|---|---|
| 001 | 020836 | ||
| 003 | BD-ChCU | ||
| 008 | Ben | ||
| 020 | _a | ||
| 040 |
_aDLC _cDLC _dBD-ChCU |
||
| 082 | 0 | 0 | _a১৮১.৪১/চট্টো৫৭চা |
| 100 | 1 |
_aচট্টোপাধ্যায়, লতিফা _b- |
|
| 245 | 1 | 0 |
_aচার্বাক দর্শন (রূপরেখা) _b- |
| 250 | _a- | ||
| 260 |
_aকলিকাতা _bনিউ এজ পাবঃ _c২০০৭ |
||
| 300 | _a১৪৩ | ||
| 504 | _aনির্ঘন্ট সম্বলিত Biblio- | ||
| 650 | 0 |
_aদর্শন, হিন্দু _bদর্শন, হিন্দু |
|
| 700 | 1 | _a- | |
| 942 |
_2ddc _cBK |
||
| 999 |
_c20836 _d20836 |
||